Jesse Jackson & the politics of charisma : the rise and fall of the PUSH/Excel program /

Bibliographic Details
Main Author: House, Ernest R.
Format: Book
Language:English
Published: Boulder : Westview Press, 1988.
Subjects:

MARC

Tag First Indicator Second Indicator Subfields
LEADER 00000cam a2200000 a 4500
001 in00000032190
005 20151007060424.0
008 880422s1988 cou b 00110 eng
010 |a  88014362  
020 |a 0813307678 (alk. paper) 
035 |a (OCoLC)17917834 
035 |9 AAC0811AM 
040 |a DLC  |c DLC  |d TXA  |d UtOrBLW 
043 |a n-us--- 
049 |a TXAM  |c [A11508246] 
050 0 0 |a E840.8.J35  |b H68 1988 
082 0 |a 973.92/092/4  |2 19 
100 1 |a House, Ernest R. 
245 1 0 |a Jesse Jackson & the politics of charisma :  |b the rise and fall of the PUSH/Excel program /  |c Ernest R. House. 
264 1 |a Boulder :  |b Westview Press,  |c 1988. 
300 |a xi, 196 pages ;  |c 24 cm. 
336 |a text  |b txt  |2 rdacontent 
337 |a unmediated  |b n  |2 rdamedia 
338 |a volume  |b nc  |2 rdacarrier 
504 |a Bibliography: pages 183-190. 
500 |a Includes index. 
600 1 0 |a Jackson, Jesse,  |d 1941- 
650 0 |a Operation Push. 
650 0 |a African Americans  |x Education. 
740 0 |a Jesse Jackson and the politics of charisma. 
999 |a MARS 
999 f f |s c1f6ce1e-956d-30d2-8b1c-ac870fa1e2c1  |i 52d8bc30-c551-3aaa-a863-bcb7adbaff20  |t 0 
952 f f |p ric  |a Texas A&M University  |b Rellis Campus  |c Joint Library Facility  |d Remote Storage  |t 0  |e E840.8.J35 H68 1988  |h Library of Congress classification  |i unmediated -- volume  |m A14811508246 
998 f f |a E840.8.J35 H68 1988  |t 0  |l Remote Storage